| 000 | 01570nam a22003374i 4500 | ||
|---|---|---|---|
| 001 | 768714001 | ||
| 003 | CO-MdFUSB | ||
| 005 | 20210901151843.0 | ||
| 007 | cr aa aaaaa | ||
| 008 | 210831t2018 sp ||||| |||| 00| 0 spa d | ||
| 020 |
_a9788416845149 _qelectrónico |
||
| 040 |
_aCO-MdFUSB _bspa _cCO-MdFUSB _dCO-MdFUSBC _erda |
||
| 041 | _aspa | ||
| 082 | _a270.2 | ||
| 245 | 1 |
_aObras escogidas de Tertuliano : _bapología contra los gentiles. Exhortación a los mártires. Virtud de la paciencia. La oración cristiana. La respuesta a los judíos _c/ editado por Alfonso Ropero _h[electrónico] |
|
| 264 | 1 |
_aBarcelona, España : _bClie, _c[2018] |
|
| 264 | 4 | _c© 2018 | |
| 300 | _c; | ||
| 336 |
_2rdacontent _atexto _btxt |
||
| 337 |
_2rdamedia _ainformático _bc |
||
| 338 |
_2rdacarrier _aremoto _bcr |
||
| 505 | _aIntroducción: Tertuliano, el Triunfo de la fe. -- Apología Contra los Gentiles en Defensa de los Cristianos. --Exhortación a los Mártires. -- La Virtud de la Paciencia. -- La Oración. --Respuesta a los Judíos. -- Índice de Conceptos Teológicos -- Títulos de la colección Patrística | ||
| 506 | _aSolicitar clave y usuario para acceder al libro electrónico. | ||
| 506 | _aLibro multiusuario. | ||
| 653 | _aTertuliano | ||
| 700 | 1 |
_91287 _aRopero, Alfonso _eeditor |
|
| 856 |
_d2253695 _uhttp://search.ebscohost.com/login.aspx?direct=true&scope=site&db=nlebk&db=nlabk&AN=2253695 _zAbrir Versión electrónica del libro Obras escogidas de Tertuliano |
||
| 942 | _cBK | ||
| 945 | _aJTF-925 | ||
| 999 |
_c66870 _d66870 |
||